| 000 | 01355cam a22002895a 4500 | ||
|---|---|---|---|
| 001 | ocn221167112 | ||
| 003 | OSt | ||
| 005 | 20161116153344.0 | ||
| 008 | 080407t2009 enka frb 001 0 eng d | ||
| 020 | _a9781932078756 | ||
| 020 | _a1932078754 | ||
| 040 |
_aBTCTA _cBTCTA _dBAKER _dRVE _dAU@ _dYDXCP _dFDA _dEG-ScBUE _beng |
||
| 082 | 0 | 4 |
_a620.192 _222 _bPAI |
| 100 | 1 |
_aPainter, Paul C. _938578 |
|
| 245 | 1 | 0 |
_aEssentials of polymer science and engineering / _cPaul C. Painter, Michael M. Coleman. |
| 260 |
_aLancaster : _bDEStech Publications, Inc., _cc.2009. |
||
| 300 |
_axvii, 525 p. : _bill. ; _c27 cm. |
||
| 500 | _aIndex : p. 517-525. | ||
| 504 | _aIncludes bibliographical references. | ||
| 505 | 2 | _aIntroduction -- Microstructure and molecular weight -- Polymer synthesis -- Polymerization kinetics -- Polymerization : probability and statistics -- Copolymerization -- Spectroscopy and the characterization of chain microstructure -- Structure and morphology -- Natural polymers -- Crystallization, melting and the glass transition -- Polymer solutions and blends -- Molecular weight and branching -- Mechanical and rheological properties -- Processing. | |
| 650 | 7 |
_apolymers. _2BUEsh _95875 |
|
| 650 | 7 |
_aPolymerization. _2BUEsh _96762 |
|
| 651 | _2BUEsh | ||
| 653 |
_bENGCHE _cNovember2016 |
||
| 700 | 1 | _aColeman, Michael M. | |
| 942 | _2ddc | ||
| 999 |
_c23172 _d23144 |
||